000
00204 a2200097 4500
001
5878
100
_a
Douglass,RD
245
_a
Elements of Nomography
260
_a
_b
McGraw Hill
_c
090
_c
4798
_d
4798
942
_a
NUST-CAE
_c
M
_c
31153
999
_c
240951
_d
240951